Marketingová tvorba cien

Úspešnosť realizácie výrobkov na trhu v značnej miere závisí od správne stanovenej ceny. Podnikateľské ciele podniku. Ceny porovnateľných výrobkov. Úroveň dopytu. Náklady výrobcu. Pružnosť cien. Cenové zľavy a rabaty. Cenová legislatíva.

Salvato in:
Dettagli Bibliografici
Autore principale: Rajňák, Milan
Natura: Capitolo di libro
Lingua:slovacco
Soggetti:
Tags: Aggiungi Tag
Nessun Tag, puoi essere il primo ad aggiungerne!!

MARC

LEADER 00000naa a2200000 4500
001 r037560
005 20230425123456.2
041 0 |a slo 
044 |a SK 
245 1 0 |a Marketingová tvorba cien  |c Milan Rajňák 
520 |a Úspešnosť realizácie výrobkov na trhu v značnej miere závisí od správne stanovenej ceny. Podnikateľské ciele podniku. Ceny porovnateľných výrobkov. Úroveň dopytu. Náklady výrobcu. Pružnosť cien. Cenové zľavy a rabaty. Cenová legislatíva. 
610 2 0 |a tvorba cien 
610 2 0 |a ceny 
610 2 0 |a marketing 
610 2 0 |a podnikatelia 
100 1 |a Rajňák, Milan